मानव की कहानी : (Record no. 120922)

MARC details
000 -LEADER
fixed length control field 01348nam a22002657a 4500
005 - DATE AND TIME OF LATEST TRANSACTION
control field 20170124103205.0
010 ## - LIBRARY OF CONGRESS CONTROL NUMBER
LC control number B-111088
020 ## - INTERNATIONAL STANDARD BOOK NUMBER
Terms of availability 450.00
International Standard Book Number 8179010287
035 ## - SYSTEM CONTROL NUMBER
System control number B-111088
037 ## - SOURCE OF ACQUISITION
Source of stock number/acquisition Cen Lib/Ret
040 ## - CATALOGING SOURCE
Original cataloging agency DPL
Language of cataloging HN
082 ## - DEWEY DECIMAL CLASSIFICATION NUMBER
Classification number 301
Item number कूनका
100 ## - MAIN ENTRY--PERSONAL NAME
Personal name कून, कार्लटन एस.
9 (RLIN) 47873
245 ## - TITLE STATEMENT
Title मानव की कहानी :
Statement of responsibility, etc कार्लटन एस.कून ; अनुवादक विराज
Remainder of title प्रथम मानव से लेकर आदिम संस्कृति और उसके बाद तक /
246 ## - VARYING FORM OF TITLE
Title proper/short title Manav ki kahani : pratham manav se lekar adim sanskriti aur uske bad tak /
Remainder of title by Karltan S.Koon ; anuvadak Viraj
260 ## - PUBLICATION, DISTRIBUTION, ETC. (IMPRINT)
Place of publication, distribution, etc नयी दिल्ली
Name of publisher, distributor, etc सुयोग्य प्रकाशन
Date of publication, distribution, etc 2005
270 ## - ADDRESS
City नयी दिल्ली
Address W-116, ग्रेटर कैलाश-I
Postal code 110048
300 ## - PHYSICAL DESCRIPTION
Extent viii,456पृ. :
Dimensions 20सेमी(सजिल्द)
Other physical details सचित्र
650 ## - SUBJECT ADDED ENTRY--TOPICAL TERM
Topical term or geographic name as entry element आदिम मानव
9 (RLIN) 1541
650 ## - SUBJECT ADDED ENTRY--TOPICAL TERM
Topical term or geographic name as entry element आदिम मानव -- सूर्य की शक्ति
9 (RLIN) 93406
650 ## - SUBJECT ADDED ENTRY--TOPICAL TERM
Topical term or geographic name as entry element Primitive man
9 (RLIN) 93407
650 ## - SUBJECT ADDED ENTRY--TOPICAL TERM
Topical term or geographic name as entry element Primitive man - the power of the sun
9 (RLIN) 93408
700 ## - ADDED ENTRY--PERSONAL NAME
Personal name विराज
9 (RLIN) 6954
942 ## - ADDED ENTRY ELEMENTS (KOHA)
Source of classification or shelving scheme Dewey Decimal Classification
Koha item type Hindi Books
Classification part 301
Call number suffix कूनका
Holdings
Withdrawn status Lost status Damaged status Not for loan Home library Current library Date acquired Source of acquisition Cost, normal purchase price Total Checkouts Full call number Barcode Date last seen Date checked out Copy number Cost, replacement price Price effective from Koha item type Source of classification or shelving scheme
        Central Library Central Library 29/09/2015 Cen Lib/Ret 450.00 2 301 कूनका B-111088 26/05/2019 13/05/2019 1 450.00 29/09/2015 Hindi Books  
        Central Library Central Library 29/10/2016   450.00   301 कूनका B-081544 29/10/2016   2 450.00 29/10/2016 Hindi Books Dewey Decimal Classification

© Delhi Public Library
Hit Counter
free hit counter